|
|
|
|
| LEADER |
00724nab a2200181 i 4500 |
| 001 |
misc43145 |
| 005 |
20191106141304.0 |
| 008 |
180802s1992 hu o 0|| zxx d |
| 022 |
|
|
|a 1215-5233
|
| 040 |
|
|
|a SZTE Miscellanea Repozitórium
|b hun
|
| 041 |
|
|
|a zxx
|
| 100 |
1 |
|
|a Dehelán Anna
|
| 245 |
1 |
0 |
|a Comenius emlékére
|h [elektronikus dokumentum] :
|b megemlékezések a 400. évfordulón /
|c Dehelán Anna
|
| 260 |
|
|
|c 1992
|
| 300 |
|
|
|a 70-71
|
| 490 |
0 |
|
|a Iskolakultúra
|v 2 No. 2
|
| 695 |
|
|
|a Johannes Amos Comenius, Pedagógia - comeniusi - 17. sz., Pedagógus - cseh - 1614-1656, Ünnepi rendezvény - Magyarország - 20. sz.
|
| 856 |
4 |
0 |
|u http://misc.bibl.u-szeged.hu/43145/1/iskolakultura_1992_002_070-071.pdf
|z Dokumentum-elérés
|